Statistics for Top 15 Countries with Covid-19 Deaths - 14 December

Click here to take the quiz!

General Stats

  • This quiz has been taken 12 times
  • The average score is 14 of 21

Answer Stats

country% Correct
India
100%
Russia
100%
United Kingdom
100%
United States
100%
France
90%
Italy
90%
Argentina
80%
Brazil
80%
Mexico
80%
Poland
80%
Spain
80%
Belgium
70%
Colombia
70%
Iran
60%
Peru
50%
South Africa
50%
Armenia
40%
Czechia
40%
Bosnia and
Herzegovina
20%
Slovenia
20%
North Macedonia
10%

Score Distribution

Percentile by Number Answered

Percent of People with Each Score

Your Score History

You have not taken this quiz